00476nam a2200193Ia 4500008004100000020001800041050001400059100001800073245004600091245001800137260001500155260001600170260000900186300001600195300002700211300001000238440002600248500000800274170918s9999 xx 000 0 und d a9780590688819 bE573 1996 aEngel, Trudie aWe'll never forget you, Robert Clemente / cTrudie Engel. aNew York : bScholastic, c1996 a106 pages : bcolored illustration ; c19cm. aScholastic biography. a680